000 01665nas a2200277 454500
001 28044
005 20260407193507.0
008 260407s1998####ag###########|||spa#d
003 AR-UNSa-BCEJYS
040 _aAR-UNSa-BCEJYS
_bspa
_cAR-UNSa-BCEJYS
080 _a338
_xSituación económica. Política económica. Gestión de la economía. Planificación de la economía. Producción. Servicios. Precios
245 1 0 _aJournal of applied economics
022 _a1514-0326
264 1 _aBuenos Aires :
_bCEMA
_c1998
310 _aFrecuencia: Semestral
520 _aJournal of Applied Economics. Publicado en inglés dos veces por año (mayo y noviembre) por la Universidad del CEMA (Argentina). El editor es Carlos A. Rodríguez. Contiene contribuciones originales sobre temas de economía aplicada. Se distribuye en 32 países. Los artículos abarcan diversos tópicos: Organización Industrial, Economía Internacional, Finanzas, Crecimiento, Finanzas Públicas, Economía Política, Economía Ambiental. Los autores son: 34 % de Estados Unidos, 26 % de Europa, 25 % de Latinoamérica y 15 % de otros países. La selección de los artículos se hace en base a informes de referees nacionales y extranjeros y tiene que ver con la calidad del trabajo.
942 _cSER
590 _aniveau_biblio:s niveau_hierar:1
100 1 _aRodríguez, Carlos A.
700 1 _aUniversidad del CEMA
650 _aMercado financiero
650 _aPolítica económica
650 _aInvestigación económica
650 _aMacroeconomía
856 4 1 _uhttps://biblioeco.unsa.edu.ar/pmb/images/revistas/Journal of applied Economics-r13617.jpg
_yImagen de portada
_qimage/jpeg
999 _c8633
_d8633